[Event "GER-ch 86th"]
[Site "Saarbruecken"]
[Date "2015.12.11"]
[Round "9"]
[White "Liedtke, Matthias"]
[Black "Mueller, Reinhold"]
[Result "1-0"]
[WhiteElo "2286"]
[BlackElo "2324"]
[EventDate "2015.12.03"]
[PlyCount "71"]

1. e4 c5 2. c3 Nf6 3. e5 Nd5 4. d4 cxd4 5. cxd4 d6 6. Nf3 Nc6 7. Bc4 Nb6 8. Bb3 d5 9. Nh4 e6 10. Nf3 Be7 11. Nc3 Bd7 12. O-O Rc8 13. Qe2 Na5 14. Bc2 Nbc4 15. Bd3 b5 16. b3 b4 17. Nb1 Na3 18. Nxa3 bxa3 19. Bd2 Qb6 20. Rac1 O-O 21. Bg5 Bxg5 22. Nxg5 h6 23. Nh7 Rxc1 24. Nf6+ Kh8 25. Rxc1 Rc8 26. Rxc8+ Bxc8 27. Qg4 Qc7 28. h4 Qe7 29. Nh5 Qf8 30. Bb1 Nc6 31. Qf4 Ba6 32. g4 Kg8 33. g5 Qb4 34. Bh7+ Kxh7 35. Qxf7 Qe1+ 36. Kh2 1-0

[Event "GER-ch 86th"]
[Site "Saarbruecken"]
[Date "2015.12.11"]
[Round "9"]
[White "Middelhoff, Cornelius"]
[Black "Stips, Felix"]
[Result "1/2-1/2"]
[WhiteElo "2137"]
[BlackElo "2319"]
[EventDate "2015.12.03"]
[PlyCount "82"]

1. d4 d5 2. c4 c6 3. Nf3 Nf6 4. e3 a6 5. Bd3 Bg4 6. Nbd2 e6 7. Qc2 Nbd7 8. b3 Bd6 9. Bb2 Qb8 10. h3 Bh5 11. Nh4 b5 12. cxb5 cxb5 13. g4 Bg6 14. Nxg6 hxg6 15. Be2 Ra7 16. Rc1 Ke7 17. Kf1 Rc7 18. Qd1 Rxc1 19. Qxc1 Rc8 20. Qd1 Qc7 21. Bd3 Qa5 22. Bb1 Ba3 23. Bxa3+ Qxa3 24. Kg2 Qb2 25. Re1 Ne8 26. Nf3 Nd6 27. Re2 Qc1 28. Qxc1 Rxc1 29. Re1 Rc3 30. Ng1 b4 31. Ne2 Rc6 32. Bd3 a5 33. Rc1 Rxc1 34. Nxc1 g5 35. Ne2 Nf6 36. Ng3 Nfe8 37. Kf1 Nc7 38. Ke2 Ncb5 39. Bxb5 Nxb5 40. Kd3 f6 41. Ne2 Nd6 1/2-1/2

[Event "GER-ch 86th"]
[Site "Saarbruecken"]
[Date "2015.12.11"]
[Round "9"]
[White "Paulsen, Dirk"]
[Black "Wild, Achim"]
[Result "1-0"]
[WhiteElo "2303"]
[BlackElo "2182"]
[EventDate "2015.12.03"]
[PlyCount "73"]

1. d4 d5 2. c4 c6 3. Nf3 Nf6 4. Nc3 dxc4 5. a4 Bf5 6. Nh4 e6 7. Nxf5 exf5 8. e3 Bb4 9. Bxc4 O-O 10. Qc2 g6 11. O-O Nbd7 12. Rd1 Qe7 13. a5 a6 14. Bd2 h5 15. Re1 Kg7 16. f3 c5 17. d5 Ne5 18. b3 Qc7 19. e4 fxe4 20. Nxe4 Nxe4 21. Rxe4 Bxd2 22. Qxd2 Nxc4 23. bxc4 Rfe8 24. Qc3+ Kg8 25. Rae1 Rxe4 26. fxe4 b5 27. axb6 Qxb6 28. e5 Re8 29. e6 Qd8 30. exf7+ Kxf7 31. Rf1+ Kg8 32. Rf6 Re1+ 33. Kf2 Qe7 34. Rxg6+ Kh7 35. Qg7+ Qxg7 36. Rxg7+ Kxg7 37. Kxe1 1-0

[Event "GER-ch 86th"]
[Site "Saarbruecken"]
[Date "2015.12.11"]
[Round "9"]
[White "Poetsch, Hagen"]
[Black "Bode, Wilfried"]
[Result "1-0"]
[WhiteElo "2514"]
[BlackElo "2338"]
[EventDate "2015.12.03"]
[PlyCount "123"]

1. e4 e5 2. Nf3 Nc6 3. Nc3 Nf6 4. Bb5 Bb4 5. O-O O-O 6. d3 d6 7. Bg5 Bxc3 8. bxc3 Qe7 9. Re1 Nd8 10. d4 Ne6 11. Bc1 c5 12. Bf1 Rd8 13. d5 Nf8 14. Nd2 Ng6 15. g3 Qc7 16. a4 h6 17. Nc4 Re8 18. Bd3 Bd7 19. Ne3 b6 20. f3 a6 21. Qe2 Ra7 22. Bd2 Rea8 23. Reb1 Bc8 24. Ra2 Rb8 25. Rab2 Bd7 26. Nc4 b5 27. Ne3 Rab7 28. axb5 axb5 29. c4 b4 30. Nf5 Ra8 31. c3 Rab8 32. cxb4 cxb4 33. Qe3 b3 34. Nxd6 Qxd6 35. c5 Qc7 36. c6 Bxc6 37. Rc1 Ne7 38. dxc6 Nxc6 39. Ba6 Rb6 40. Ba5 Nd7 41. Bc4 Qd6 42. Bxb6 Rxb6 43. Rxb3 Nd4 44. Rxb6 Nxb6 45. Bf1 g6 46. Kh1 Kg7 47. f4 exf4 48. gxf4 Ne6 49. f5 gxf5 50. exf5 Nf4 51. Qg3+ Kh7 52. Bg2 Qd2 53. Rg1 Nxg2 54. f6 Qg5 55. Qxg2 Qd5 56. Qxd5 Nxd5 57. Rg7+ Kh8 58. Rxf7 Kg8 59. Rg7+ Kf8 60. Rg6 Kf7 61. Rxh6 Nxf6 62. Kg2 1-0

[Event "GER-ch 86th"]
[Site "Saarbruecken"]
[Date "2015.12.11"]
[Round "9"]
[White "Scherer, Max"]
[Black "Mailitis, Kai"]
[Result "1/2-1/2"]
[WhiteElo "2236"]
[BlackElo "2087"]
[EventDate "2015.12.03"]
[PlyCount "82"]

1. c4 e5 2. g3 Nf6 3. Bg2 c6 4. Nf3 e4 5. Nd4 d5 6. Nc3 dxc4 7. Nc2 Be6 8. Nxe4 Nxe4 9. Bxe4 Na6 10. O-O Nc5 11. Bg2 h5 12. Ne3 h4 13. Qc2 hxg3 14. fxg3 Bd6 15. Nxc4 Bc7 16. Rf3 Rxh2 17. Ne3 Rh5 18. b4 Nd7 19. d4 Nf6 20. Bb2 Qd7 21. a4 Bh3 22. Bh1 Bg4 23. Nxg4 Qxg4 24. Qb3 O-O-O 25. Bg2 Rg5 26. Ra3 Bb6 27. Rf4 Qxe2 28. a5 Bc7 29. Rf2 Qe1+ 30. Rf1 Qxg3 31. Qxg3 Rxg3 32. Rxg3 Bxg3 33. a6 b6 34. Bxc6 Kc7 35. b5 Bd6 36. d5 Rh8 37. Rf3 Rh6 38. Kf1 Rh1+ 39. Ke2 Rh2+ 40. Rf2 Rxf2+ 41. Kxf2 Kd8 1/2-1/2

[Event "GER-ch 86th"]
[Site "Saarbruecken"]
[Date "2015.12.11"]
[Round "9"]
[White "Stern, Rene"]
[Black "Kollars, Dmitrij"]
[Result "0-1"]
[WhiteElo "2538"]
[BlackElo "2445"]
[EventDate "2015.12.03"]
[PlyCount "84"]

1. d4 Nf6 2. c4 g6 3. Nc3 Bg7 4. e4 d6 5. Nf3 O-O 6. Be2 e5 7. d5 a5 8. Bg5 Na6 9. Nd2 Qe8 10. O-O Kh8 11. a3 Bd7 12. b4 axb4 13. axb4 Nxb4 14. Qb3 c5 15. dxc6 Nxc6 16. Qxb7 Rb8 17. Qc7 Qe6 18. Bxf6 Bxf6 19. Rfb1 Kg7 20. Rxb8 Rxb8 21. Nb5 Bd8 22. Qxd6 Qxd6 23. Nxd6 Rb2 24. Rd1 Ba5 25. Nf3 Rxe2 26. Nxf7 Kxf7 27. Rxd7+ Kg8 28. h3 Rxe4 29. c5 Rc4 30. Ng5 Rxc5 31. Nf7 Bd2 32. g3 Rc2 33. Nd6 Bg5 34. Nf7 Bc1 35. Rc7 e4 36. Nd8 Nd4 37. Re7 e3 38. fxe3 Nf5 39. Re8+ Kg7 40. g4 Ng3 41. Re7+ Kf8 42. Re5 Re2 0-1

[Event "GER-ch 86th"]
[Site "Saarbruecken"]
[Date "2015.12.11"]
[Round "9"]
[White "Svane, Rasmus"]
[Black "Kunin, Vitaly L"]
[Result "1/2-1/2"]
[WhiteElo "2534"]
[BlackElo "2561"]
[EventDate "2015.12.03"]
[PlyCount "136"]

1. d4 Nf6 2. c4 e6 3. Nf3 Bb4+ 4. Bd2 Bxd2+ 5. Qxd2 d5 6. Nc3 O-O 7. e3 Qe7 8. Rc1 Rd8 9. cxd5 exd5 10. Bd3 Be6 11. O-O Nbd7 12. Qc2 Bg4 13. Nd2 c5 14. dxc5 Nxc5 15. Nb5 Rdc8 16. Nb3 Nce4 17. Qb1 a6 18. N5d4 Bd7 19. h3 g6 20. Rxc8+ Rxc8 21. Rc1 Rxc1+ 22. Qxc1 Qb4 23. a3 Qd6 24. Qe1 Ba4 25. Qb4 Qxb4 26. axb4 Bxb3 27. Nxb3 Kf8 28. Kf1 Ke7 29. Ke2 Nd6 30. f3 Kd7 31. Kd2 Nc4+ 32. Bxc4 dxc4 33. Na5 b5 34. e4 Nh5 35. Ke3 g5 36. Nb7 Nf4 37. Nc5+ Kd6 38. g3 Nxh3 39. Nxa6 h5 40. Nc5 f6 41. Nb7+ Kc7 42. Nc5 Kd6 43. Nb7+ Kd7 44. Nc5+ Ke7 45. Na6 Kd6 46. Nc5 g4 47. fxg4 hxg4 48. Nb7+ Kc7 49. Nc5 Kd6 50. Nb7+ Kd7 51. Nc5+ Ke7 52. Na6 Kd6 53. Nc5 Ng1 54. Kf4 Ne2+ 55. Kxg4 Ke5 56. Kf3 Nd4+ 57. Ke3 Nc2+ 58. Kd2 Nxb4 59. b3 Na2 60. bxc4 bxc4 61. Ke3 Kd6 62. Na4 c3 63. Kd3 Ke5 64. Nc5 f5 65. exf5 Kxf5 66. Na4 Kg4 67. Nxc3 Nxc3 68. Kxc3 Kxg3 1/2-1/2

[Event "GER-ch 86th"]
[Site "Saarbruecken"]
[Date "2015.12.11"]
[Round "9"]
[White "Voigt, Martin"]
[Black "Margraf, Daniel"]
[Result "1-0"]
[WhiteElo "2342"]
[BlackElo "2277"]
[EventDate "2015.12.03"]
[PlyCount "241"]

1. e4 c5 2. Nf3 d6 3. Bb5+ Nc6 4. O-O Bg4 5. h3 Bh5 6. c3 a6 7. Ba4 b5 8. Bc2 Nf6 9. d3 e5 10. Nbd2 Be7 11. Re1 O-O 12. Nf1 d5 13. Ng3 Bg6 14. Nh4 d4 15. Nhf5 dxc3 16. bxc3 b4 17. Ba4 Rc8 18. Bg5 bxc3 19. Bxc6 Rxc6 20. Rc1 h6 21. Qa4 Rc8 22. Qxa6 Ra8 23. Nxe7+ Qxe7 24. Bxf6 gxf6 25. Qc4 Qe6 26. Rxc3 Qxc4 27. Rxc4 Rxa2 28. Rxc5 Rd8 29. Ne2 Rd2 30. Nc1 h5 31. g4 Kg7 32. Kg2 Rb8 33. Re3 Rbb2 34. Rf3 h4 35. Rc6 Rd1 36. Rc3 Re1 37. Nb3 Rbb1 38. Re3 Rxe3 39. fxe3 Rb2+ 40. Kf1 Rh2 41. Nc1 Rxh3 42. Ne2 Rh1+ 43. Kf2 Rd1 44. Ng1 Rd2+ 45. Kf1 Rd1+ 46. Kf2 Rd2+ 47. Kf3 Kh6 48. Nh3 Rd1 49. Nf2 Rg1 50. Ke2 Rb1 51. Rc2 Kg5 52. Kf3 Rf1 53. Rd2 Ra1 54. Nh3+ Kh6 55. Kf2 Ra3 56. Rd1 Ra2+ 57. Kf3 Ra3 58. Nf2 Kg5 59. Rc1 Ra6 60. Rc8 Kh6 61. Rh8+ Bh7 62. Rd8 Ra3 63. Rd6 Kg7 64. Rc6 Bg6 65. Rc2 Rb3 66. Ra2 Rc3 67. Kg2 Rxd3 68. Nxd3 Bxe4+ 69. Kh3 Bxd3 70. Kxh4 Bc4 71. Rc2 Be6 72. Kh5 Bb3 73. Rd2 Be6 74. Rd6 Bb3 75. Rb6 Bd1 76. Kh4 Bf3 77. g5 fxg5+ 78. Kxg5 Be4 79. Ra6 Bd3 80. Ra7 Be4 81. Re7 Bg6 82. Ra7 Be4 83. Ra6 Bd3 84. Rd6 Be4 85. Rd7 Bc6 86. Re7 Be4 87. Rc7 Bg6 88. Rc6 Be4 89. Rc1 Bg6 90. Rg1 Be4 91. Rf1 Bd3 92. Rf2 Be4 93. Rb2 Bd3 94. Kg4 Kg6 95. Rb6+ f6 96. Rb8 Be2+ 97. Kg3 Kf5 98. Kf2 Bd3 99. Ke1 Ba6 100. Kd2 Bf1 101. Rf8 Bg2 102. Kd3 Bf1+ 103. Kc3 Bg2 104. Rh8 Bf3 105. Rh4 Bg4 106. Kc4 Bd1 107. Kd5 Bf3+ 108. Kd6 Be2 109. Ke7 Kg5 110. Rh2 Bg4 111. Rh8 f5 112. Rg8+ Kh4 113. Kf6 f4 114. Kxe5 fxe3 115. Kf4 Bh5 116. Rg1 Kh3 117. Kxe3 Be8 118. Kf4 Ba4 119. Rg3+ Kh4 120. Ra3 Bd1 121. Ra1 1-0

[Event "GER-ch 86th"]
[Site "Saarbruecken"]
[Date "2015.12.11"]
[Round "9"]
[White "Weber, Max"]
[Black "Riegler, Dieter"]
[Result "1-0"]
[WhiteElo "2160"]
[BlackElo "2075"]
[EventDate "2015.12.03"]
[PlyCount "117"]

1. d4 Nf6 2. c4 g6 3. Nc3 Bg7 4. e4 d6 5. Nf3 O-O 6. h3 e5 7. d5 a5 8. Be3 Na6 9. g4 Nc5 10. Nd2 Bd7 11. Be2 c6 12. g5 Ne8 13. h4 f6 14. Nb3 Nxb3 15. Qxb3 a4 16. Nxa4 Qa5+ 17. Nc3 c5 18. Bd2 Qd8 19. Rh2 Rf7 20. O-O-O fxg5 21. hxg5 Bf8 22. Kb1 Qc8 23. Rg1 Qd8 24. Nb5 Nc7 25. Bg4 Bxg4 26. Rxg4 Be7 27. Nc3 Qd7 28. Rgh4 Rb8 29. Nb5 Bd8 30. a4 Ra8 31. Qd1 Nxb5 32. cxb5 Ba5 33. Be3 Qc7 34. Qg4 Qd7 35. Qxd7 Rxd7 36. Kc2 Rf7 37. Rh1 Bd8 38. Ra1 h5 39. Kd3 Ba5 40. b3 Raf8 41. Rh3 Rf3 42. Rxf3 Rxf3 43. Rh1 Rf8 44. Rf1 Bd8 45. Ke2 Bc7 46. f4 exf4 47. Rxf4 Rxf4 48. Bxf4 b6 49. Be3 Kf7 50. e5 Ke8 51. e6 Kd8 52. Bd2 Kc8 53. b4 Bd8 54. bxc5 bxc5 55. a5 Kb7 56. Kf3 Be7 57. Kf4 Bd8 58. Bc3 Be7 59. Bf6 1-0

[Event "GER-ch 86th"]
[Site "Saarbruecken"]
[Date "2015.12.11"]
[Round "9"]
[White "Zuferi, Enis"]
[Black "Tschann, Stephan"]
[Result "1-0"]
[WhiteElo "2210"]
[BlackElo "2262"]
[EventDate "2015.12.03"]
[PlyCount "79"]

1. d4 Nf6 2. Nf3 d5 3. c4 e6 4. Nc3 Bb4 5. Qb3 c5 6. Bg5 h6 7. Bxf6 Qxf6 8. dxc5 Bxc3+ 9. bxc3 dxc4 10. Qxc4 O-O 11. e4 e5 12. Be2 Be6 13. Qb5 Nd7 14. O-O Rfc8 15. c6 bxc6 16. Qa5 Qf4 17. Rfe1 Rab8 18. Bd1 Rb7 19. Bb3 Bg4 20. Re3 Rb5 21. Qxa7 Nc5 22. Bc4 Nxe4 23. Bxb5 cxb5 24. h3 Be6 25. Qa3 Kh7 26. Qb2 Bc4 27. Qb1 f5 28. Qe1 Rc6 29. g3 Rg6 30. Kh2 Nxg3 31. fxg3 Rxg3 32. Qxg3 Qxe3 33. Rg1 g5 34. Re1 Qd3 35. Nxe5 Qd2+ 36. Kg1 Bd5 37. Qf2 Qxc3 38. Qxf5+ Kg7 39. Qg6+ Kh8 40. Qxh6+ 1-0